Chesshire, Gibson & Company (Record no. 95134)

MARC details
000 -LEADER
fixed length control field 00641cam a2200217 4500
001 - CONTROL NUMBER
control field D2367
008 - FIXED-LENGTH DATA ELEMENTS--GENERAL INFORMATION
fixed length control field 071126s1984 xxka f 000 0deng
035 ## - SYSTEM CONTROL NUMBER
System control number (Sirsi) u68785
041 ## - LANGUAGE CODE
Language code of text/sound track or separate title eng
050 04 - LIBRARY OF CONGRESS CALL NUMBER
Classification number 920 $2 18
110 2# - MAIN ENTRY--CORPORATE NAME
Corporate name or jurisdiction name as entry element Chesshire, Gibson and Company
9 (RLIN) 5463
245 00 - TITLE STATEMENT
Title Chesshire, Gibson & Company
Remainder of title 1784-1984
260 ## - PUBLICATION, DISTRIBUTION, ETC.
Place of publication, distribution, etc. [Birmingham]
Name of publisher, distributor, etc. [Chesshire, Gibson and Company]
Date of publication, distribution, etc. [1984]
300 ## - PHYSICAL DESCRIPTION
Extent [14] p.
Other physical details ill.
Dimensions 18 cm.
350 ## - PRICE (NR) (BK AM CF MU VM SE) [OBSOLETE]
Price 0
520 ## - SUMMARY, ETC.
Summary, etc. A history of the firm of Chesshire, Gibson & Company.
651 #4 - SUBJECT ADDED ENTRY--GEOGRAPHIC NAME
Geographic name England
Chronological subdivision 886-
690 ## - LOCAL SUBJECT ADDED ENTRY--TOPICAL TERM (OCLC, RLIN)
Topical term or geographic name as entry element ABOUT RICS-RICS MEMBERS-CHARTERED SURVEYORS
942 ## - ADDED ENTRY ELEMENTS (KOHA)
Suppress in OPAC 0
948 ## - LOCAL PROCESSING INFORMATION (OCLC); SERIES PART DESIGNATOR (RLIN)
c (OCLC) 04/03/1997
Holdings
Withdrawn status Lost status Source of classification or shelving scheme Damaged status Not for loan Home library Current library Shelving location Date acquired Total Checkouts Full call number Barcode Date last seen Copy number Price effective from Koha item type
    Dewey Decimal Classification     London London Reference copy 14/09/1999   920 CHE 30002469 06/08/2019 1 06/08/2019 Book